000 00365nam a2200133Ia 4500
008 230917s9999||||xx |||||||||||||| ||und||
040 _e93213
_aMAIN
041 _aEnglish
082 _a615.842 S17S
100 _aBihari, Shyam
245 0 _aSpectrum of ct findings in severe head injury patients having glassgow coma score 3 to 7
300 _a61 p.
942 _cTH
999 _c74561
_d74561